| 000 | 00390cam a2200157ua 4500 | ||
|---|---|---|---|
| 041 |
_aeng _h |
||
| 082 |
_a693.6 _bMAS/PL |
||
| 100 | _aMason, J . | ||
| 245 |
_aPleastering Plain and Decorative / _cJ Mason. _hTextual Documents |
||
| 250 |
_a1 / _b. |
||
| 260 |
_aLondon : _bCrosby Lock wood and son Ltd , _c1955. |
||
| 300 | _a76 ; . | ||
| 504 | _a | ||
| 942 | _cBK | ||
| 999 |
_c3295 _d3295 |
||